| 000 | 00742nam a2200229 i 4500 | ||
|---|---|---|---|
| 001 | 36817 | ||
| 003 | ES-MaACL | ||
| 005 | 20231221210348.0 | ||
| 007 | t| | ||
| 008 | 030219s1974 sp ||||1| spa d | ||
| 020 | _a84-265-7145-X | ||
| 080 | _a929 Valera, Juan | ||
| 100 | 1 |
_aBravo-Villasante, Carmen, _d1918-1994 _931507 |
|
| 245 | 1 | 0 |
_aVida de Juan Valera / _cCarmen Bravo-Villasante. |
| 260 |
_aMadrid : _bMagisterio Español, _c[1974] |
||
| 300 |
_a312 p. : _bil. ; _c18 cm. |
||
| 490 | 1 |
_aNovelas y cuentos. Cultura. Biografías ; _v142 |
|
| 600 | 1 | 4 |
_aValera, Juan, _d1824-1905- _xBiografías _9112639 |
| 830 | 1 |
_aNovelas y cuentos. Cultura. Biografías ; _v142 _9229608 |
|
| 852 |
_aES-MaACL _jE-10124 |
||
| 999 |
_c36817 _d36817 |
||